000
00305nam a22001457a 4500
008
210226b ||||| |||| 00| 0 eng d
020
_a
0070259712
041
_a
eng
080
_a
338
082
_a
338
100
_a
53
101
_a
MEN
245
_a
Accelerated Growth
_c
Hanan, M
942
_2
udc
_c
BK
999
_c
55307
_d
55307